| 000 | 00361nam a22001577a 4500 | ||
|---|---|---|---|
| 005 | 20160905164228.0 | ||
| 008 | 160905b xxu||||| |||| 00| 0 eng d | ||
| 020 | _a978-93-272-6265-0 | ||
| 041 | _aeng | ||
| 100 |
_aReddy,S.R _93509 |
||
| 245 | _aIrrigation Agronomy | ||
| 260 |
_bKlayani _c2016 |
||
| 300 | _a553 | ||
| 650 |
_aAgricultural _93475 |
||
| 942 | _cBK | ||
| 999 |
_c5214 _d5212 |
||